Tvorivé dielne Základná umelecká škola

Bibliographic Details
Main Authors: Dlugošová, Ľuboslava (Author), Paraňová, Zuzana (Author)
Format: Article
Language:Slovak
PhysicalDescription:Fotogr.
Subjects:

MARC

LEADER 00000nab a2200000 a 4500
001 vtls010556578
003 SK-MaSNL
005 20260303231050.0
008 131106 2013 xo m 000 0 slo
038 |a PPPK 
040 |a PPPKCL  |b slo  |c PPPK  |e AACR2 
041 0 |a slo 
044 |a xo  |c SK 
080 |a 373/378:7  |2 2001 
100 1 |a Dlugošová, Ľuboslava  |4 aut  |9 1265706 
245 1 0 |a Tvorivé dielne  |b Základná umelecká škola  |c Mgr. Ľuboslava Dlugošová, Ing. Zuzana Paraňová 
300 |b Fotogr. 
610 2 7 |a Základná umelecká škola (Rakúsy, Slovensko)  |2 pppkcl  |9 1265707 
650 0 7 |a umelecké školy  |2 pppkcl  |9 29319 
650 0 7 |a tvorivé dielne  |2 pppkcl  |9 372631 
650 0 7 |a školský rok 2013/2014  |2 pppkcl  |9 1093162 
651 7 |a Rakúsy (Slovensko)  |2 pppkcl  |9 54505 
651 7 |a Kežmarok (Slovensko)  |2 pppkcl  |9 26808 
700 1 |a Paraňová, Zuzana  |4 aut  |9 1265708 
773 0 |t Spektrum 2003 : Kultúrno-spoločenský mesačník obce Rakúsy  |g Roč. XI, č. 6 (2013), s. 9 
852 |a PPPK  |b KIS3GCP 
999 |c 2265022  |d 2266952